000 00638nam a2200217Ii 4500
003 JO-AjNU
008 230606s9999||||xx |||||||||||||| ||und||
020 _a0-7506-0830-7
040 _aJO-AjNU
_beng
_erda
_cJO-AjNU
041 _aeng
050 1 4 _aHF5635 1992
100 3 _aTaylor,Peter J/Underdown,Brian,
_eauthor
_93108
245 0 0 _aFinancial Accounting
250 _a2 ed
264 3 1 _aLondon: Butterworth Heinemann,1992
300 _a376p
_bIncludes indexes 373-376 p
336 _atext
_btxt
_2rdacontent
337 _aunmediated
_bn
_2rdamedia
338 _avolume
_bnc
_2rdacarrier
650 4 _aFinancial Accounting
_93109
999 _aE1629
_c1629
_d1629